| 000 | 00890cam a2200277 a 4500 | ||
|---|---|---|---|
| 005 | 20260322212019.0 | ||
| 008 | data | ||
| 010 | _a 83009397 | ||
| 020 |
_a0316507164 : 031650717 _c{dollar}17.95 |
||
| 020 |
_a9780316507165 : 031650717 _c{dollar}17.95 |
||
| 040 |
_aDLC _cDLC _dDLC _dOCoLC _dDLC |
||
| 043 | _ae-ur--- | ||
| 050 | 0 | 0 |
_aDK254.A7 _bK8 1983 |
| 082 | 0 | 0 |
_aB _aB _219 |
| 100 | 1 | _aKurth, Peter. | |
| 245 | 1 | 0 |
_aAnastasia : _bthe riddle of Anna Anderson / _cPeter Kurth. |
| 250 | _a1st ed. | ||
| 260 |
_aBoston : _bLittle, Brown, _cc1983. |
||
| 300 |
_axxi, 450 p., [12] p. of plates : _bill. ; _c25 cm. |
||
| 500 | _aIncludes index. | ||
| 504 | _aBibliography: p. 437-440. | ||
| 600 | 0 | 0 |
_aAnastasii︠a︡ Nikolaevna, _cGrand Duchess, daughter of Nicholas II, Emperor of Russia, _d1901-1918. |
| 600 | 1 | 0 | _aAnderson, Anna. |
| 650 | 0 |
_aPrincesses _xBiography. _zRussia |
|
| 001 | data | ||
| 999 |
_c414 _d414 |
||